[Event "46th Capablanca Memorial Open A"]
[Site "Havana CUB"]
[Date "2010.05.11"]
[Round "1.29"]
[White "Prasca Sosa, Rafael"]
[Black "Boada, Wiston"]
[Result "1/2-1/2"]
[WhiteTitle "IM"]
[BlackTitle "IM"]
[WhiteElo "2424"]
[BlackElo "2214"]
[WhiteFideId "3900819"]
[BlackFideId "3900495"]
[EventDate "2011.05.11"]

1. e4 g6 2. d4 Bg7 3. Nc3 d6 4. Nf3 a6 5. a4 Bg4 6. h3 Bxf3 7. gxf3 Nc6 8. d5
Nb8 9. h4 c5 10. a5 Nd7 11. f4 Qc7 12. Bh3 O-O-O 13. Bd2 Kb8 14. Na4 Ngf6 15.
Qf3 Rhe8 16. O-O-O e6 17. Rhe1 exd5 18. exd5 Rxe1 19. Rxe1 Re8 20. Re3 Qd8 21.
Bc3 Bh6 22. Kb1 Nh5 23. Bxd7 Qxd7 24. Nb6 Qd8 25. Rxe8 Qxe8 26. f5 Bg7 27. fxg6
hxg6 28. b3 Kc7 29. Bxg7 Nxg7 30. Nc4 Qe7 31. Qf4 Nh5 32. Qf3 Qf6 33. Qe3 Nf4 1/2-1/2

[Event "46th Capablanca Memorial Open A"]
[Site "Havana CUB"]
[Date "2010.05.11"]
[Round "1.31"]
[White "Garrido Dominguez, Jesus"]
[Black "Catala Matienzo, Ivette"]
[Result "1-0"]
[WhiteTitle "IM"]
[BlackTitle "WFM"]
[WhiteElo "2417"]
[BlackElo "2208"]
[WhiteFideId "2254174"]
[BlackFideId "3506819"]
[EventDate "2011.05.11"]

1. e4 c5 2. Nf3 e6 3. d4 cxd4 4. Nxd4 Nf6 5. Bd3 Nc6 6. Nxc6 bxc6 7. O-O d5 8.
Nd2 e5 9. Qe2 Bd6 10. c4 d4 11. f4 O-O 12. f5 Qe7 13. g4 g5 14. h4 h6 15. Nf3
Nh7 16. hxg5 hxg5 17. Nxg5 Nxg5 18. f6 Qe6 19. Bxg5 Qxg4+ 20. Qxg4 Bxg4 21. Kf2
Rfb8 22. Rh1 Rxb2+ 23. Kg3 Bf5 24. Rh4 Bh7 25. Rah1 Bb4 26. Rxh7 Be1+ 27. Rxe1
Kxh7 28. Rh1+ Kg6 29. Bc1 1-0

[Event "46th Capablanca Memorial Open A"]
[Site "Havana CUB"]
[Date "2010.05.11"]
[Round "1.32"]
[White "Osorio, Fernando"]
[Black "Gomez Fontal, Felix Manuel"]
[Result "1/2-1/2"]
[BlackTitle "IM"]
[WhiteElo "2208"]
[BlackElo "2417"]
[WhiteFideId "3901114"]
[BlackFideId "3500357"]
[EventDate "2011.05.11"]

1. e4 e5 2. Nf3 Nc6 3. Bb5 a6 4. Ba4 Nf6 5. Qe2 d6 6. c3 b5 7. Bc2 Be7 8. O-O
O-O 9. Rd1 Bg4 10. h3 Bh5 11. d3 Nd7 12. Nbd2 Nc5 13. Nf1 Bxf3 14. Qxf3 Bg5 15.
Be3 Bxe3 16. fxe3 Qg5 17. d4 Na4 18. Rab1 g6 19. Bd3 Kg7 20. Qg3 Qxg3 21. Nxg3
Rfb8 22. Ne2 Nb6 23. b3 Na5 24. Rbc1 Kf6 25. g4 Ke7 26. Rd2 c5 27. Bc2 Rd8 28.
Rcd1 Nc6 29. Kf2 Rac8 30. Bb1 a5 31. dxc5 dxc5 32. Rxd8 Nxd8 33. Bd3 c4 34. Bc2
Ne6 35. bxc4 Nxc4 36. Rd5 Rc5 37. Ng3 Na3 38. Bd3 Rxc3 39. Bxb5 Rc2+ 40. Be2 Nc4
41. a4 Ra2 42. h4 h6 43. Kf3 Nd2+ 44. Kf2 Nb3 45. Kf3 Rxa4 46. Bd1 Nec5 47.
Rxe5+ Kf6 48. Rd5 Ra2 49. g5+ hxg5 50. hxg5+ Ke6 51. Ne2 a4 52. Bxb3 Nxb3 53.
Nd4+ Ke7 54. Nxb3 axb3 55. Rb5 Rb2 56. e5 Rb1 57. Ke4 b2 58. Rb6 Kd7 59. e6+
fxe6 60. Ke5 Rf1 61. Rb7+ Kd8 62. Rxb2 Rf5+ 63. Kd6 Rd5+ 64. Kxe6 Rxg5 65. e4
Rg1 66. Kf7 Rc1 67. Rd2+ Kc7 1/2-1/2

[Event "46th Capablanca Memorial Open A"]
[Site "Havana CUB"]
[Date "2010.05.11"]
[Round "1.33"]
[White "Ortega Amarelle, Mariano"]
[Black "Enrique Hernandez, Eddy Ernesto"]
[Result "1-0"]
[WhiteTitle "FM"]
[WhiteElo "2417"]
[BlackElo "2206"]
[WhiteFideId "3504301"]
[BlackFideId "3508765"]
[EventDate "2011.05.11"]

1. d4 d5 2. c4 dxc4 3. Nf3 b5 4. a4 c6 5. e3 e6 6. b3 Nf6 7. bxc4 bxc4 8. Bxc4
c5 9. O-O Be7 10. Ne5 Bb7 11. Qb3 Qc8 12. Nc3 cxd4 13. exd4 Nbd7 14. Bg5 O-O 15.
Bxe6 fxe6 16. Qxe6+ Kh8 17. Nxd7 Rd8 18. Qxe7 Rxd7 19. Qa3 Qc6 20. f3 Rxd4 21.
Nb5 Rdd8 22. Rac1 Qb6+ 23. Be3 Qa5 24. Rc7 Ba6 25. Qe7 Rg8 26. Bd4 Ne8 27. Nd6
h6 28. Nxe8 Raxe8 29. Bxg7+ Kh7 30. Qf7 Qxc7 31. Qxc7 Rxg7 32. Qc2+ Kh8 33. Rd1
Bb7 34. Kf2 Rge7 35. Rd6 Re6 36. Rxe6 Rxe6 37. Qb2+ 1-0

[Event "46th Capablanca Memorial Open A"]
[Site "Havana CUB"]
[Date "2010.05.11"]
[Round "1.34"]
[White "Martinez Reyes, Pedro Ramon"]
[Black "Wohl, Aleksandar H."]
[Result "1/2-1/2"]
[BlackTitle "IM"]
[WhiteElo "2198"]
[BlackElo "2411"]
[WhiteFideId "3901807"]
[BlackFideId "3200345"]
[EventDate "2011.05.11"]

1. e4 Nc6 2. Nf3 e5 3. Bb5 Nge7 4. c3 d5 5. Nxe5 dxe4 6. Qe2 Be6 7. Nxc6 bxc6 8.
Ba4 Qd3 9. Na3 O-O-O 10. Bc2 Qxe2+ 11. Kxe2 f5 12. d3 exd3+ 13. Bxd3 Ng6 14. Rd1
Bd6 15. Bg5 Rde8 16. Kf1 Ne5 17. Ba6+ Kb8 18. Bf4 Nf7 19. Bxd6 cxd6 20. Rd4 Kc7
21. f4 Rb8 22. Re1 Rhe8 23. b3 Bd5 24. Rxe8 Rxe8 25. Bc4 Bxc4+ 26. Nxc4 d5 27.
Nd2 Nd6 28. c4 dxc4 29. Nxc4 Nxc4 1/2-1/2

[Event "46th Capablanca Memorial Open A"]
[Site "Havana CUB"]
[Date "2010.05.11"]
[Round "1.35"]
[White "Garcia Pantoja, Roberto"]
[Black "Corrales Jimenez, Zenia"]
[Result "1/2-1/2"]
[WhiteTitle "FM"]
[BlackTitle "WFM"]
[WhiteElo "2411"]
[BlackElo "2182"]
[WhiteFideId "3509265"]
[BlackFideId "3506355"]
[EventDate "2011.05.11"]

1. e4 c5 2. Nf3 Nc6 3. Bb5 d6 4. O-O Bd7 5. c3 Nf6 6. Re1 a6 7. Ba4 b5 8. Bc2
Bg4 9. h3 Bxf3 10. Qxf3 g6 11. d3 Bg7 12. Nd2 O-O 13. Qe2 b4 14. Ba4 Qc7 15. Nf3
bxc3 16. bxc3 Nd7 17. Bd2 Nb6 18. Bc2 d5 19. e5 e6 20. Bf4 d4 21. c4 Rab8 22. a3
Rb7 23. h4 Rfb8 24. h5 Nd7 25. Ba4 Rb2 26. Qe4 Ne7 27. Bg5 Nf8 28. Bf6 Nf5 29.
Bxg7 Kxg7 30. Qf4 Kg8 31. g4 Ne7 32. Qf6 h6 33. Re4 Nh7 34. Qf4 1/2-1/2

[Event "46th Capablanca Memorial Open A"]
[Site "Havana CUB"]
[Date "2010.05.11"]
[Round "1.36"]
[White "Hernandez Moya, Yuleisis"]
[Black "Borges Feria, Yasel"]
[Result "1-0"]
[WhiteTitle "WFM"]
[BlackTitle "FM"]
[WhiteElo "2174"]
[BlackElo "2406"]
[WhiteFideId "3511685"]
[BlackFideId "3504921"]
[EventDate "2011.05.11"]

1. e4 c5 2. Nf3 e6 3. d4 cxd4 4. Nxd4 a6 5. c4 Nf6 6. Bd3 Qc7 7. Nc3 Be7 8. O-O
d6 9. Be3 Nbd7 10. f4 b6 11. Qf3 Bb7 12. Rfe1 g6 13. Rac1 Rc8 14. Nb3 O-O 15.
Qh3 Nc5 16. Nxc5 bxc5 17. f5 exf5 18. exf5 Rfe8 19. Bg5 Nh5 20. fxg6 hxg6 21.
Bxg6 fxg6 22. Qe6+ Kg7 23. Bxe7 Bxg2 24. Qxd6 Qxd6 25. Bxd6 Ba8 26. Rxe8 Rxe8
27. Bxc5 Nf4 28. Rd1 Nh3+ 29. Kf1 Bf3 30. Rd7+ Kh6 31. Rf7 Bg4 32. Bf8+ Kg5 33.
Be7+ Kh6 34. Ne4 Bf5 35. Bf8+ Rxf8 36. Rxf8 1-0

[Event "46th Capablanca Memorial Open A"]
[Site "Havana CUB"]
[Date "2010.05.11"]
[Round "1.37"]
[White "Quesada Perez, Yasser"]
[Black "Fleites Martin, Yuleikys"]
[Result "1-0"]
[WhiteTitle "FM"]
[BlackTitle "WIM"]
[WhiteElo "2401"]
[BlackElo "2167"]
[WhiteFideId "3509362"]
[BlackFideId "3502759"]
[EventDate "2011.05.11"]

1. e4 c5 2. Nf3 g6 3. d4 cxd4 4. Nxd4 Nc6 5. c4 Nf6 6. Nc3 d6 7. Be2 Nxd4 8.
Qxd4 Bg7 9. Be3 O-O 10. Qd2 a5 11. f3 a4 12. Rc1 Qa5 13. O-O Be6 14. Nd5 Qxd2
15. Nxe7+ Kh8 16. Bxd2 Rfe8 17. Nd5 Nxd5 18. cxd5 Bd4+ 19. Kh1 Bxd5 20. Bb5 Bc6
21. Bxc6 bxc6 22. Rxc6 Bxb2 23. Rxd6 Red8 24. Bf4 Rxd6 25. Bxd6 Rc8 26. h3 Kg7
27. Rd1 Rc2 28. a3 Kf6 29. Rd3 Be5 30. f4 Bb2 31. Bf8 Rc6 32. g3 Ke6 33. Kg2 f6
34. Kf3 h5 35. g4 hxg4+ 36. hxg4 Rb6 37. f5+ Kf7 38. Bd6 gxf5 39. exf5 Rb3 40.
Ke4 Rb5 41. Bb4 Ke8 42. Rh3 Re5+ 43. Kd3 Kd7 44. Re3 Rd5+ 45. Kc2 Be5 46. Bc3
Kd6 47. Bxe5+ Rxe5 48. Kd3 Rd5+ 49. Kc4 Rc5+ 50. Kb4 Rc1 51. Re6+ Kd5 52. Kxa4
Rc4+ 53. Kb5 Rxg4 54. Rxf6 Rg3 55. a4 Rb3+ 56. Ka6 Ke5 57. Rf7 Ra3 58. a5 Ra1
59. Kb6 Rb1+ 60. Ka7 Ra1 61. a6 Kd6 62. Kb7 Rb1+ 63. Ka8 Ra1 64. a7 Rb1 65. Rb7
Rh1 66. Rb2 Rh7 67. Kb8 Rh8+ 68. Kb7 Rh7+ 69. Kb6 Rh8 70. Ra2 1-0

[Event "46th Capablanca Memorial Open A"]
[Site "Havana CUB"]
[Date "2010.05.11"]
[Round "1.38"]
[White "Miranda Rodriguez, Tania"]
[Black "Ruiz Sanchez, Orlen"]
[Result "1-0"]
[WhiteTitle "WFM"]
[BlackTitle "FM"]
[WhiteElo "2167"]
[BlackElo "2392"]
[WhiteFideId "3510417"]
[BlackFideId "3506231"]
[EventDate "2011.05.11"]

1. e4 c5 2. Nf3 d6 3. d4 cxd4 4. Nxd4 Nf6 5. Nc3 a6 6. Bc4 e6 7. Bb3 b5 8. f4
Bb7 9. O-O Be7 10. e5 dxe5 11. fxe5 Bc5 12. Be3 Nc6 13. exf6 Bxd4 14. fxg7 Bxe3+
15. Kh1 Rg8 16. Bxe6 Rxg7 17. Bxf7+ Rxf7 18. Qh5 Ne5 19. Qxe5+ Qe7 20. Qh5 b4
21. Rae1 bxc3 22. Rxf7 Qxf7 23. Rxe3+ Kf8 24. Qc5+ Kg7 25. Rg3+ Kf6 26. Qd4+ Kf5
27. Qf2+ 1-0

[Event "46th Capablanca Memorial Open A"]
[Site "Havana CUB"]
[Date "2010.05.11"]
[Round "1.39"]
[White "Sanchez Alvarez, Roberto Carlos"]
[Black "Fandino Reyes, Roquelina"]
[Result "1-0"]
[WhiteTitle "FM"]
[BlackTitle "WIM"]
[WhiteElo "2391"]
[BlackElo "2147"]
[WhiteFideId "3508684"]
[BlackFideId "3501426"]
[EventDate "2011.05.11"]

1. d4 d5 2. c4 c6 3. Nf3 Nf6 4. Nbd2 a6 5. e3 g6 6. b3 Bg7 7. Bb2 O-O 8. Bd3
Nbd7 9. O-O Re8 10. Qc2 b5 11. cxb5 cxb5 12. Rfc1 Bb7 13. Qc7 Rb8 14. a4 b4 15.
Ne5 Nxe5 16. dxe5 Ng4 17. Nf3 f6 18. exf6 exf6 19. Qxd8 Rexd8 20. Rc7 Re8 21.
Bd4 Bc8 22. Rac1 Ne5 23. Be2 Ra8 24. Bc5 Nxf3+ 25. Bxf3 Be6 26. Bd4 Kh8 27. R1c6
a5 28. Rxe6 Rxe6 29. Bxd5 Ree8 30. Bxa8 Rxa8 31. g4 g5 32. Kg2 Kg8 33. Ra7 1-0

[Event "46th Capablanca Memorial Open A"]
[Site "Havana CUB"]
[Date "2010.05.11"]
[Round "1.40"]
[White "Cueto Rodriguez, Yanet"]
[Black "Leyva Rivera, Yunier"]
[Result "0-1"]
[WhiteTitle "WFM"]
[BlackTitle "FM"]
[WhiteElo "2138"]
[BlackElo "2382"]
[WhiteFideId "3505294"]
[BlackFideId "3505065"]
[EventDate "2011.05.11"]

1. e4 c5 2. Nf3 e6 3. c3 d5 4. exd5 Qxd5 5. d4 Nf6 6. Be3 cxd4 7. cxd4 Bb4+ 8.
Nc3 O-O 9. Bd3 b6 10. O-O Bxc3 11. bxc3 Ba6 12. Bxa6 Nxa6 13. Qe2 Qb7 14. a4
Rfc8 15. c4 Nb8 16. a5 Nbd7 17. Rfc1 h6 18. h3 Qe4 19. axb6 axb6 20. Rxa8 Qxa8
21. Qb2 Qa4 22. Nd2 Ra8 23. Rb1 Qc6 24. Qb5 Qc8 25. Qb2 Ra4 26. Ra1 Qa8 27. Rxa4
Qxa4 28. Kh2 Kf8 29. Bf4 Kg8 30. g4 Qa5 31. Bd6 h5 32. f3 Qg5 33. Nf1 Qa5 34.
Qd2 Qa8 35. Qc3 Qc6 36. Bg3 hxg4 37. hxg4 b5 38. Nd2 bxc4 39. Qxc4 Qb7 40. Qb3
Qa6 41. Qe3 Nd5 42. Qf2 f5 43. gxf5 exf5 44. Qe1 Kf7 45. Nf1 Qd3 46. Kg2 Qxd4
47. Qd2 Qc4 48. Ne3 Nxe3+ 49. Qxe3 Nf6 50. Bf2 Kg6 51. Qd4 Qc2 52. Qc5 Qd2 53.
Qe3 Qd7 54. Qd4 Qc6 55. Qc5 Qb7 56. Qb6 Qxb6 57. Bxb6 Kf7 58. Kf2 Ke6 59. Bd4 g6
60. Bc3 Nd5 61. Bd4 Nf4 62. Be3 Ke5 63. Ba7 Kd5 64. Ke3 Ne6 65. Bb6 Kc6 66. Ba5
Kb5 67. Bc3 Kc4 68. Be5 Kb3 69. Bf6 Kc2 70. Be5 Kd1 71. Bc3 Nc7 72. Be5 Nd5+ 73.
Kf2 Kd2 74. Bd6 Kd3 75. Be5 Nc3 76. Bd6 Nd1+ 77. Ke1 Ne3 78. Kf2 Nd5 79. Be5 Kd2
80. Bd6 Nc3 81. Bc5 Nd1+ 82. Kg3 Ke2 83. Bd4 Ne3 84. Ba7 g5 85. Bb8 Nf1+ 86. Kg2
Nd2 87. f4 g4 88. Ba7 Nc4 89. Bc5 Ne3+ 90. Kg3 Nd5 91. Bd6 Ke3 92. Be5 Ke4 93.
Bd6 Nf6 0-1

[Event "46th Capablanca Memorial Open A"]
[Site "Havana CUB"]
[Date "2010.05.11"]
[Round "1.41"]
[White "Figueredo Losada, Leonel"]
[Black "Romero Nunez, Wendy"]
[Result "1-0"]
[WhiteTitle "FM"]
[BlackTitle "WFM"]
[WhiteElo "2381"]
[BlackElo "2132"]
[WhiteFideId "3507971"]
[BlackFideId "3510174"]
[EventDate "2011.05.11"]

1. e4 c6 2. Nc3 d5 3. Nf3 Bg4 4. h3 Bxf3 5. Qxf3 e6 6. a3 Nd7 7. d3 Ngf6 8. g3
Bd6 9. Bg2 Qb6 10. Qe2 O-O 11. Nb1 Rfe8 12. Nd2 Rad8 13. Nf3 e5 14. O-O Nc5 15.
Nh4 Ne6 16. Nf5 Nd4 17. Nxd4 exd4 18. Bg5 Be7 19. e5 Nd7 20. Bd2 Bf8 21. f4 c5
22. b3 Kh8 23. Bxd5 Nxe5 24. Qg2 Nc6 25. Bxf7 Re7 26. Bd5 Rde8 27. Rae1 Nd8 28.
Rxe7 Rxe7 29. Re1 Qc7 30. Rxe7 Qxe7 31. Qe4 b6 32. Kg2 g6 33. c3 Qxe4+ 34. dxe4
Kg7 35. e5 Nf7 36. cxd4 cxd4 37. b4 a5 38. Kf3 axb4 39. axb4 Nh6 40. g4 Nf7 41.
Ke4 g5 42. f5 1-0

[Event "46th Capablanca Memorial Open A"]
[Site "Havana CUB"]
[Date "2010.05.11"]
[Round "1.42"]
[White "Torres Rosas, Luis Carlos"]
[Black "Soto Hernandez, Henry"]
[Result "1/2-1/2"]
[WhiteTitle "CM"]
[BlackTitle "FM"]
[WhiteElo "2129"]
[BlackElo "2362"]
[WhiteFideId "5111080"]
[BlackFideId "3507475"]
[EventDate "2011.05.11"]

1. d4 Nf6 2. c4 g6 3. Nc3 Bg7 4. e4 d6 5. Nf3 O-O 6. Be2 e5 7. O-O Nc6 8. d5 Ne7
9. Ne1 Nd7 10. Nd3 f5 11. Bd2 Kh8 12. Rc1 Ng8 13. Kh1 Qe7 14. b4 Ndf6 15. f3 Bh6
16. Bxh6 Nxh6 17. c5 Bd7 18. Nf2 a6 19. Na4 Bxa4 20. Qxa4 Nh5 21. g3 fxe4 22.
fxe4 Qg5 23. Qc2 Nf6 24. Qc3 Nhg8 25. Rc2 Rf7 26. Qd2 Qxd2 27. Rxd2 a5 28. a3
axb4 29. axb4 Ra4 30. Rb2 Rf8 31. Kg2 Rfa8 32. cxd6 cxd6 33. Rc1 Ra2 34. Rxa2
Rxa2 35. Kf3 Ra4 36. Nd3 Ra8 37. Rc7 Rb8 38. Nb2 Ne8 39. Rc2 Ngf6 40. Na4 Kg7
41. Nb6 Kf7 42. Bf1 Ke7 43. Bh3 Kd8 44. Ke3 Nc7 45. Rf2 Nce8 46. Rc2 Nc7 1/2-1/2

[Event "46th Capablanca Memorial Open A"]
[Site "Havana CUB"]
[Date "2010.05.11"]
[Round "1.43"]
[White "Vega Chirino, Lemay"]
[Black "Frometa Castillo, Zirka"]
[Result "1/2-1/2"]
[WhiteTitle "FM"]
[BlackTitle "WGM"]
[WhiteElo "2356"]
[BlackElo "2125"]
[WhiteFideId "3502252"]
[BlackFideId "3501434"]
[EventDate "2011.05.11"]

1. c4 c5 2. Nc3 Nc6 3. g3 g6 4. Bg2 Bg7 5. Nf3 d6 6. O-O e5 7. d3 Nge7 8. Ne1
O-O 9. Nc2 Rb8 10. Rb1 b6 11. Ne3 Bb7 12. Ned5 Nxd5 13. Nxd5 Ne7 14. e4 Nxd5 15.
exd5 Bc8 16. b4 cxb4 17. Rxb4 f5 18. Rb1 f4 19. Re1 Qf6 20. f3 h5 21. gxf4 exf4
22. Bb2 Qg5 23. Bxg7 Kxg7 24. Qe2 Rf7 25. Qb2+ Kh7 26. Re8 Rg7 27. Rbe1 Qh4 28.
R1e7 Qxe7 29. Rxe7 Rxe7 30. Qf6 Rbb7 31. Qxf4 Bf5 32. Bf1 Rbd7 33. Kf2 Re8 34.
a4 Re5 35. Qd2 Re8 36. d4 Rde7 37. a5 bxa5 38. c5 Rf7 39. Bd3 Bg4 40. Be2 a4 41.
Qa5 Ref8 42. Qxa4 Bxf3 43. Bxf3 Rxf3+ 44. Ke2 Rf2+ 45. Kd3 dxc5 46. Qxa7+ R8f7
47. Qxc5 R2f3+ 48. Ke4 R3f4+ 49. Ke5 R4f5+ 50. Ke6 Rf2 1/2-1/2

[Event "46th Capablanca Memorial Open A"]
[Site "Havana CUB"]
[Date "2010.05.11"]
[Round "1.44"]
[White "Gascon, Jose Rafael"]
[Black "Morales Romero, Pedro"]
[Result "1/2-1/2"]
[BlackTitle "IM"]
[WhiteElo "2120"]
[BlackElo "2354"]
[WhiteFideId "3902463"]
[BlackFideId "3503798"]
[EventDate "2011.05.11"]

1. e4 c5 2. Nf3 d6 3. d4 cxd4 4. Nxd4 Nf6 5. Nc3 g6 6. Be3 Bg7 7. f3 Nc6 8. Qd2
O-O 9. O-O-O d5 10. Qe1 e5 11. Nxc6 bxc6 12. exd5 Nxd5 13. Bc4 Be6 14. Ne4 Qb8
15. Bc5 Rd8 16. g4 Nf4 17. Bxe6 Rxd1+ 18. Qxd1 Nxe6 19. Be3 Qb5 20. Qf1 Qa5 21.
Qc4 Rd8 22. Rd1 Nd4 23. c3 Qd5 24. b3 Qxc4 25. bxc4 f5 26. gxf5 gxf5 27. Nc5
Ne2+ 28. Kc2 Rxd1 29. Kxd1 Nxc3+ 30. Kc2 e4 31. fxe4 Nxe4 32. Nxe4 fxe4 33. Bxa7
Be5 34. Bb6 Kf7 35. a4 Ke6 36. a5 Kd7 37. a6 Kc8 38. h3 Kb8 39. Kd2 Bf4+ 40. Kc3
Be5+ 41. Bd4 Bg3 42. Kb4 Bd6+ 43. Kc3 c5 44. Bf6 Ka7 45. Kd2 Bf4+ 46. Ke2 Kxa6
47. Be7 1/2-1/2

[Event "46th Capablanca Memorial Open A"]
[Site "Havana CUB"]
[Date "2010.05.11"]
[Round "1.45"]
[White "Ordaz Valdes, Lisandra Teresa"]
[Black "Cordero Suarez, Greisy"]
[Result "1-0"]
[WhiteTitle "WIM"]
[WhiteElo "2348"]
[BlackElo "2116"]
[WhiteFideId "3506940"]
[BlackFideId "3502422"]
[EventDate "2011.05.11"]

1. d4 Nf6 2. c4 e6 3. Nc3 Bb4 4. Qc2 O-O 5. a3 Bxc3+ 6. Qxc3 b6 7. Bg5 Bb7 8. f3
h6 9. Bh4 d5 10. e3 Re8 11. Bd3 Nbd7 12. Ne2 c5 13. cxd5 exd5 14. O-O Qe7 15.
Bf2 c4 16. Bc2 b5 17. Ng3 a5 18. Nf5 Qf8 19. Qd2 g6 20. Ng3 Bc6 21. Rae1 b4 22.
e4 Bb5 23. e5 c3 24. bxc3 bxc3 25. Qxc3 Bxf1 26. Kxf1 Rac8 27. Qd3 Nh7 28. f4
Qg7 29. f5 Nhf8 30. Ba4 Rc7 31. Qb5 gxf5 32. Qxa5 Ne6 33. Bxd7 Rxd7 34. Nh5 1-0

[Event "46th Capablanca Memorial Open A"]
[Site "Havana CUB"]
[Date "2010.05.11"]
[Round "1.46"]
[White "Cardenas Ballester, Maydelin"]
[Black "Mena Crespo, Carlos"]
[Result "0-1"]
[WhiteTitle "WFM"]
[BlackTitle "FM"]
[WhiteElo "2114"]
[BlackElo "2347"]
[WhiteFideId "3508242"]
[BlackFideId "3506410"]
[EventDate "2011.05.11"]

1. e4 g6 2. d4 Bg7 3. c3 d6 4. Bd3 Nf6 5. Ne2 O-O 6. O-O c5 7. h3 Nbd7 8. Be3 b6
9. d5 Ne5 10. f4 Nxd3 11. Qxd3 e6 12. dxe6 fxe6 13. Rd1 Bb7 14. Qxd6 Qxd6 15.
Rxd6 Nxe4 16. Rd1 Ba6 17. Re1 Rad8 18. Na3 Bf6 19. Kh2 e5 20. g3 Rfe8 21. Nc2
exf4 22. Nxf4 Nd2 23. Rad1 Nc4 24. Rxd8 Rxd8 25. Rb1 Bb7 26. Rf1 Nxe3 27. Nxe3
Rd2+ 28. Kg1 Rxb2 29. Ne6 Be7 30. Re1 Kf7 31. Ng4 Rg2+ 32. Kf1 Rxg3 33. Ne5+
Kxe6 34. Nxg6+ Kf6 35. Nxe7 Rxh3 36. Ng8+ Kg5 37. Re7 Ba6+ 38. Kg2 Rxc3 39. Rxh7
Rc2+ 40. Kg3 Rxa2 41. Rxa7 Bc4 42. Rg7+ Kf5 43. Nh6+ Ke4 44. Re7+ Kd3 45. Ng4
Kd4 46. Kf4 b5 47. Re4+ Kc3 48. Re5 Kb4 49. Re4 Ka5 50. Re5 Kb6 51. Ne3 Bb3 52.
Ke4 Rd2 53. Rg5 Rd4+ 54. Kf3 Rd6 55. Ke4 b4 56. Rf5 Kb5 57. Rf8 Re6+ 58. Kd3 c4+
59. Kd4 c3 60. Rb8+ Rb6 61. Rxb6+ Kxb6 62. Kd3 Kc5 63. Nf5 Bf7 64. Ne7 Kd6 65.
Nf5+ Ke5 66. Ne7 Kf6 67. Nc6 Bg6+ 0-1

[Event "46th Capablanca Memorial Open A"]
[Site "Havana CUB"]
[Date "2010.05.11"]
[Round "1.47"]
[White "Guerra Mojena, Leandro"]
[Black "Espinosa Garcia, Sandra"]
[Result "1-0"]
[WhiteTitle "FM"]
[BlackTitle "WIM"]
[WhiteElo "2337"]
[BlackElo "2113"]
[WhiteFideId "3513602"]
[BlackFideId "3509109"]
[EventDate "2011.05.11"]

1. e4 c5 2. Nf3 Nc6 3. Nc3 g6 4. d4 cxd4 5. Nxd4 Bg7 6. Be3 Nf6 7. Bc4 O-O 8.
Bb3 a5 9. O-O a4 10. Nxa4 Nxe4 11. Nb5 d6 12. c4 Ra6 13. Qe2 Nf6 14. h3 Na5 15.
Bc2 Be6 16. b3 Nc6 17. Rad1 Qc8 18. Bb1 Ne5 19. Nac3 Ned7 20. Nd4 Nc5 21. Nxe6
Nxe6 22. f4 Nh5 23. Qe1 f5 24. Nd5 Rf7 25. g4 fxg4 26. f5 gxh3 27. fxe6 Qxe6 28.
Qh4 Nf6 29. Nxf6+ Bxf6 30. Qe4 Be5 31. Rxf7 Qxf7 32. Qxb7 Kg7 33. Rf1 Qe6 34.
Qf3 Bf6 35. Bd2 Rb6 36. Re1 Qc8 37. Kh2 Qc5 38. Kxh3 Qd4 39. Qf4 Qc5 40. Qh6+
Kg8 41. Bxg6 Qc8+ 42. Kg3 hxg6 43. Qxg6+ Bg7 44. Rxe7 Qf8 45. Re8 1-0

[Event "46th Capablanca Memorial Open A"]
[Site "Havana CUB"]
[Date "2010.05.11"]
[Round "1.48"]
[White "Pirola, Claudionor Alcides Lima"]
[Black "Camacho Martinez, Guillermo"]
[Result "1/2-1/2"]
[BlackTitle "FM"]
[WhiteElo "2104"]
[BlackElo "2336"]
[WhiteFideId "2130556"]
[BlackFideId "3502520"]
[EventDate "2011.05.11"]

1. e4 c6 2. c4 d5 3. exd5 cxd5 4. d4 Nf6 5. Nc3 Nc6 6. Bg5 dxc4 7. d5 Ne5 8. Qd4
Qc7 9. f4 Nd3+ 10. Bxd3 cxd3 11. Qxd3 h6 12. Bh4 Qxf4 13. Bg3 Qf5 14. Qb5+ Qd7
15. Qd3 Qf5 16. Qb5+ Qd7 17. Qd3 e6 18. d6 Nd5 19. Nxd5 exd5 20. Qa3 Qb5 21. Ne2
Be6 22. Nd4 Qb6 23. O-O-O Rd8 24. Nxe6 fxe6 25. Rhe1 Kd7 26. Kb1 Bxd6 27. Bxd6
Qxd6 28. Qxa7 Ke7 29. Qxb7+ Rd7 30. Qb3 Rf8 31. Qd3 Rf6 32. Rf1 e5 33. Rxf6 Qxf6
34. Rf1 Qe6 35. Qh7 Kd6 36. Qh8 Rc7 37. Qb8 Qg6+ 38. Ka1 Qc2 39. a3 e4 40. Rf7
Qc1+ 41. Ka2 Qc4+ 42. Ka1 1/2-1/2

[Event "46th Capablanca Memorial Open A"]
[Site "Havana CUB"]
[Date "2010.05.11"]
[Round "1.49"]
[White "Rodriguez Garcia, Victor"]
[Black "Abreu Jean, Carlos Paul"]
[Result "1-0"]
[WhiteTitle "FM"]
[WhiteElo "2331"]
[BlackElo "2101"]
[WhiteFideId "3506320"]
[BlackFideId "6405525"]
[EventDate "2011.05.11"]

1. e4 Nf6 2. e5 Nd5 3. d4 d6 4. Nf3 dxe5 5. Nxe5 g6 6. Be2 Bg7 7. O-O O-O 8. c4
Nb4 9. a3 N4c6 10. Nxc6 Nxc6 11. d5 Nd4 12. Be3 Nxe2+ 13. Qxe2 e6 14. Rd1 exd5
15. Rxd5 Qe7 16. Nc3 c6 17. Rd2 Bf5 18. h3 Rfd8 19. Rad1 b6 20. Bxb6 Re8 21.
Qxe7 Rxe7 22. Rd8+ Re8 23. Rxe8+ Rxe8 24. Bxa7 Bxc3 25. bxc3 Be6 26. Rd4 Kg7 27.
Rd6 Rc8 28. Bd4+ Kf8 29. Bf6 Bxc4 30. a4 Ke8 31. a5 Bb5 32. f4 Ra8 33. Kf2 c5
34. Rd5 Bc6 35. Rxc5 Kd7 36. Re5 Kd6 37. Be7+ Kd7 38. Bb4 Re8 39. Rxe8 Kxe8 40.
g4 Kd7 41. Ke3 Bg2 42. h4 h6 43. h5 gxh5 44. gxh5 f5 45. Kf2 Bd5 46. Kg3 1-0

[Event "46th Capablanca Memorial Open A"]
[Site "Havana CUB"]
[Date "2010.05.11"]
[Round "1.50"]
[White "Forgas Moreno, Yaniela"]
[Black "Yanes Canizares, Alejandro"]
[Result "0-1"]
[WhiteTitle "WFM"]
[WhiteElo "2093"]
[BlackElo "2330"]
[WhiteFideId "3508072"]
[BlackFideId "3506134"]
[EventDate "2011.05.11"]

1. e4 d6 2. d4 g6 3. Nc3 Bg7 4. f4 c6 5. Nf3 b5 6. Bd3 b4 7. Ne2 Nf6 8. O-O O-O
9. Ng3 Bg4 10. Kh1 Nbd7 11. Qe1 Qb6 12. Be3 Bxf3 13. gxf3 c5 14. dxc5 Nxc5 15.
Bc4 Nfd7 16. Rb1 Rac8 17. c3 a5 18. Qe2 bxc3 19. bxc3 Qc7 20. Bd4 e5 21. fxe5
dxe5 22. Bxc5 Qxc5 23. Ba6 Rc7 24. c4 Qe7 25. Bb7 Nc5 26. Bd5 Ne6 27. Qd2 a4 28.
Rb4 Nc5 29. Rfb1 h5 30. Rg1 Qf6 31. Qe3 Kh7 32. Rb5 Bh6 33. Qe2 Bf4 34. Rd1 Rd8
35. Qg2 Ne6 36. Rb6 Rxc4 37. Rg1 Rc1 38. Rxc1 Bxc1 39. Ne2 Be3 40. Rc6 Rb8 41.
Nc3 Bd4 42. Bxe6 Bxc3 43. Qf1 Rb1 0-1